Genius of Arab Civilization (Record no. 9475)

MARC details
000 -LEADER
fixed length control field 00586nam a2200241 a 4500
020 ## - INTERNATIONAL STANDARD BOOK NUMBER
ISBN 0262357
082 00 - DEWEY DECIMAL CLASSIFICATION NUMBER
Classification number 909.04927
Author Cutter HAY
100 ## - MAIN ENTRY--AUTHOR NAME
Author name Hayes, John R
245 ## - TITLE STATEMENT
Title Genius of Arab Civilization
260 ## - PUBLICATION, DISTRIBUTION, ETC. (IMPRINT)
Place of publication New York
Name of publisher MIT Press
Year of publication 1975
300 ## - PHYSICAL DESCRIPTION
Number of Pages 231p
500 ## - GENERAL NOTE
General note includes index and biblioraphy
505 2# - FORMATTED CONTENTS NOTE
Formatted contents note Indices
650 ## - SUBJECT ADDED ENTRY--TOPICAL TERM
Topical Term Civilization-Islamic
942 ## - ADDED ENTRY ELEMENTS (KOHA)
Koha item type Books
700 1# -
-- Hayes, John R
Holdings
Collection code Home library Current library Date acquired Cost, normal purchase price Full call number Accession Number Koha item type
  Henry Martyn Institute Library Henry Martyn Institute Library 06/05/2007 588.00 909.04927 HAY 016765 Books
                   Copyright © 2026 | Henry Martyn Institute | Hyderabad | TS-500052 | INDIA | Implemented by hmi.edu.in
Hit-Count:

Powered by Koha